000 00351nam a2200121 i 4500
001 bg
245 1 0 _aPoradnik maszynisty ciężkich maszyn budowlanych.
_nCz.1 ogólna Rozdz. 6,
_pSilniki elektryczne, urządzenia elektryczne.
260 _aWarszawa,
_c1969.
040 _cBPK
041 _apol
942 _cKS
008 s pl f |000 0 pol
999 _c7232
_d7232
856 _uhttp://koha.tu.koszalin.pl/cgi-bin/koha/opac-detail.pl?biblionumber=7232
_yKatalog online BPK